Geography Quiz

Random Geography or World Quiz

11-Letter Criteria Countries Quiz Stats

 Plays Quiz Updated Dec 3, 2016

Support Sporcle.
Go Orange.
Score 0/10 Timer 05:00
16 Plays Today
% Correct
???
100%
???
83.1%
???
59.6%
???
36.7%
???
25.7%
???
16.2%
???
10.8%
???
7.7%
???
7.3%
???
7.3%

You're not logged in!

Compare scores with friends on all Sporcle quizzes.
OR
Log In

From the Vault

Movie Timelapse V

by Frostfire77

If you need assistance on this quiz, who you gonna call?
Remove Ads.
Support Sporcle.
Get the best of Sporcle when you Go Orange. This ad-free experience offers more features, more stats, and more fun while also helping to support Sporcle. Thank you for becoming a member.

Show Comments

Extras

Top Quizzes Today


Score Distribution

Your Account Isn't Verified!

In order to create a playlist on Sporcle, you need to verify the email address you used during registration. Go to your Sporcle Settings to finish the process.

Report this User

Report this user for behavior that violates our Community Guidelines.

Details: